000 00533nam a2200169 4500
999 _c4192
_d4192
008 160827b xxu||||| |||| 00| 0 eng d
022 _a2094-8042
082 _aDPer 370.105 M72 Jan-Dec 2012 v. 60-61
100 _913819
_aNollido, Michele M.
243 _a
245 _aMessage to the graduates/
_cMichele M. Nollido.
260 _aPhilippines:
_bIn the Grade School, Inc.,
_c©2012.
300 _av60 n10, page 407;
_c28 cm.
500 _aThe Modern Teacher.
650 0 _913820
_aCommencements
_xSpeech
942 _2ddc
_cPER